Statistiques concernant Paroles - Nekfeu - Avant tu riais

Cliquez ici pour prendre le quiz!

Statistiques générales

  • Ce quiz a été pris 293 fois
    (275 depuis la dernière actualisation)
  • Le résultat moyen est 554 sur 784

Statistiques - réponses

Paroles% Correct
à
99%
a
99%
Avant
97%
avant
97%
de
96%
Le
95%
le
95%
pas
94%
pas,
94%
passé
94%
passe
94%
qui
94%
te
94%
et
93%
Et
93%
Tu
93%
tu
93%
mais
92%
Mais
92%
mais,
92%
Mais,
92%
du
91%
es
91%
riais
91%
temps
91%
est
90%
puis
90%
ce
89%
la
89%
La
89%
se
89%
ces
88%
Que
88%
que
88%
en
87%
En
87%
des
84%
Des
84%
l'inconnu,
84%
un
84%
Un
84%
c'est
83%
C'est
83%
Dans
83%
dans
83%
su
83%
va
82%
ça
79%
elle
79%
Elle
79%
sa
79%
ta
78%
t'a
78%
au
77%
hommes
77%
Hommes
77%
sûr
77%
Sur
77%
les
76%
Les
76%
ses
76%
une
76%
chose
75%
il
75%
Il
75%
qu'elle
75%
qu'on
75%
pense
74%
si
73%
Cette
72%
cette
72%
quelque
72%
Quelque
72%
Tes
72%
t'es
72%
T'es
72%
vrai
72%
femme
71%
sens
71%
costume
70%
informe
70%
ou
70%
plus
70%
masse
69%
presque
69%
Comme
68%
comme
68%
harcèlement
67%
J'observe
67%
On
67%
on
67%
perd
67%
seule
67%
squelette
67%
veut
67%
Aventurier
66%
élémentaire
66%
ferait,
66%
nat'
66%
qu'a
66%
qu'un
66%
c'qu'elle
65%
devienne
65%
je
65%
"Je
65%
peindrait
65%
prenne
65%
fort
64%
fresque
64%
large,
64%
l'on
64%
manque
64%
science
64%
besoin
63%
fait
63%
part,
63%
sait
63%
anti-dépresseur
62%
l'amour
62%
Malgré
62%
prêt
62%
sont
62%
Triste
62%
triste
62%
assez
61%
pour
61%
pousse
61%
tête,
61%
vie
61%
ailes,
60%
être
60%
force
60%
libre
60%
Noyés
60%
Peu
60%
peu
60%
puissant
60%
résistera
60%
visage
60%
bien
59%
carrière,
59%
rond
59%
sciences
59%
sourire
59%
pensées
58%
pulsions
58%
tourne
58%
dur
57%
hélices
57%
prête ?
57%
Y
57%
Alors
56%
alors
56%
exhibe
56%
fonce
56%
perde
56%
ellipses
55%
l'aprem
55%
n'existe
55%
pendant
55%
T'as
55%
t'as
55%
ton
55%
après
54%
Après,
54%
laissait
54%
L'homme
54%
l'homme
54%
mentalement
54%
prisonnier
54%
qu'une
54%
gens
53%
ils
53%
Ils
53%
magie
53%
mère
53%
blague
52%
cours
52%
peut
52%
vices
52%
civile,
50%
contrôler
50%
guerre
50%
laisse
50%
Varsovie
50%
vide
50%
années
49%
d'un
49%
n'était
49%
dire
48%
éternel
48%
face
48%
Face
48%
fais-toi
48%
gare
48%
ghetto
48%
lumière,
48%
lumière
48%
regards
48%
séquelles,
48%
Contrôle-toi
47%
vue
47%
Déjà
46%
déjà
46%
doute
46%
sévices
46%
aveugle
45%
est-ce
45%
perdu
45%
sans
45%
trouve
45%
veux
45%
vite
45%
voler
45%
élevée,
44%
font
44%
grands-parents
44%
m'enterre
44%
quand
44%
redonné
44%
règne
44%
société
44%
J'aimerais
43%
libère
43%
Libère
43%
permet
43%
plié
43%
rend
43%
sauver
43%
services
43%
s'évitent
43%
système
43%
terre
43%
Tout
43%
traîne
43%
trêve,
43%
unique
43%
vile,
43%
voisin
43%
bientôt
42%
défont
42%
sais
42%
Soudain
42%
subiront
42%
suivants
42%
yeux
42%
apprenne
41%
devoir
41%
enfants
41%
fils
41%
amour
40%
disent
40%
dit
40%
double
40%
d'une
40%
entrer"
40%
nos
40%
apparences
39%
jour,
39%
liens
39%
presse
39%
quatre
39%
rien
39%
gueulé
38%
ironie
38%
lâche
38%
Même
38%
planes
38%
sous
38%
humains
37%
idées
37%
l'immeuble
37%
passent
37%
plisse
37%
puisse
37%
rue
37%
chien
36%
n'oublie
36%
saleté
36%
séduit
36%
choses
35%
cœur
35%
décident
35%
entier
35%
étouffe
35%
faire
35%
j'achèterai
35%
Juste
35%
nous
35%
Nous
35%
collier
34%
défoncent
34%
l'univers
34%
prendre
34%
déclin
33%
intérieure,
33%
jamais
33%
muer
33%
nature
33%
oublié ?
33%
retirer
33%
savais
33%
sommet
33%
très
33%
cécité
32%
d'écharpe
32%
monter
32%
qu'avant
32%
relais
32%
servait
32%
113
31%
clans
31%
clins
31%
d'œil
31%
ont
31%
subit,
31%
voudront
31%
arbres
30%
concentrer
30%
d'aucun
30%
désapprendre
30%
descendrais
30%
donc
30%
femmes
30%
immatérielle,
30%
l'exhibe
30%
nœud
30%
rayonnais
30%
s'offensent
30%
sourires
30%
Toute
30%
reviens
29%
cendré
28%
coin
28%
essentielles
28%
était
28%
fredonner
28%
Fuir
28%
n'écoutais
28%
neurones
28%
Nombrils
28%
raisonner,
28%
s'entraident
28%
Surtout
28%
jeune
27%
L'éducation
27%
néfastes
27%
zones
27%
ambitieux
26%
deuil
26%
égo-centrés,
26%
enfance
26%
rage
26%
tit-pe
26%
dépasse
25%
désormais
25%
sommes
25%
d'rêve
24%
excentrées
23%
sang
23%
zombies
23%
frais,
22%
trèfle
22%
grillé,
21%
l'as-tu
21%
masques
21%
plier
21%
sommeil
21%
sourde,
21%
qu'le
18%
efface
16%
désolées
13%

Distribution des résultats

Percentile par nombre de réponses

% des personnes avec chaque résultat

Votre développement - résultats

Vous n’avez pas pris ce quiz depuis la dernière actualisation